Normal view
MARC view
- Supervison Dr. Usman Qamar
Entry Personal Name
001 - CONTROL NUMBER
- control field: 69913
003 - CONTROL NUMBER IDENTIFIER
- control field: NUST
005 - DATE AND TIME OF LATEST TRANSACTION
- control field: 20210628204326.0
008 - FIXED-LENGTH DATA ELEMENTS
- fixed length control field: 210628|| aca||aabn | a|a d
040 ## - CATALOGING SOURCE
- Original cataloging agency: NUST
- Transcribing agency: NUST
100 ## - HEADING--PERSONAL NAME
- Personal name: Supervison Dr. Usman Qamar
670 ## - SOURCE DATA FOUND
- Source citation: Work cat.: (NUST): Saadia Ismail 69912, TH-SOF-1329-SHL7 FHIR Compliant Data Access Model for Maternal Health Information System, 2017
